Einstein Symposion, Berlin : aus Anlab der 100. Wiederkehr seines Geburtstages 25. bis 30. Marz 1979 /

Bibliographic Details
Corporate Author: Einstein Symposion Berlin
Other Authors: Nelkowski, H., 1921-
Format: Conference Proceeding Book
Language:English
German
Published: Berlin ; New York : Springer-Verlag, 1979.
Series:Lecture notes in physics ; 100.
Subjects:

MARC

Tag First Indicator Second Indicator Subfields
LEADER 00000cam a22000008i 4500
001 in00000058839
005 20151008051001.0
008 791127s1979 wb a b 11010 eng
010 |a  79025206  
020 |a 038709718X 
035 |a (OCoLC)05798625 
035 |9 AAG4769AM 
040 |a DLC  |c DLC  |d TXA  |d UtOrBLW 
041 0 |a eng  |a ger 
049 |a TXAM  |c [1405447] 
050 0 0 |a QC1  |b .E39 1979 
082 0 |a 530.1 
111 2 |a Einstein Symposion  |d (1979 :  |c Berlin) 
245 1 0 |a Einstein Symposion, Berlin :  |b aus Anlab der 100. Wiederkehr seines Geburtstages 25. bis 30. Marz 1979 /  |c edited by H. Nelkowski [and others]. 
263 |a 7912 
264 1 |a Berlin ;  |a New York :  |b Springer-Verlag,  |c 1979. 
300 |a viii, 550 pages :  |b illustrations ;  |c 25 cm. 
336 |a text  |b txt  |2 rdacontent 
337 |a unmediated  |b n  |2 rdamedia 
338 |a volume  |b nc  |2 rdacarrier 
490 1 |a Lecture notes in physics ;  |v 100 
500 |a English or German. 
504 |a Includes bibliographies. 
600 1 0 |a Einstein, Albert,  |d 1879-1955  |x Anniversaries, etc. 
650 0 |a Physics  |v Congresses. 
700 1 |a Nelkowski, H.,  |d 1921- 
830 0 |a Lecture notes in physics ;  |v 100. 
999 |a MARS 
999 f f |s 87bb2649-d09d-3408-bb68-6822998d2522  |i f644dc3d-24db-334c-b5a6-aa8c2a2674d8  |t 0 
952 f f |p ric  |a Texas A&M University  |b Rellis Campus  |c Joint Library Facility  |d Remote Storage  |t 0  |e QC1 .E39 1979  |h Library of Congress classification  |i unmediated -- volume  |m A14804586623 
998 f f |a QC1 .E39 1979  |t 0  |l Remote Storage